INDIA BAR REVIEW [Vol-47(1)2020 JANUARY - MARCH] (Record no. 7427)

MARC details
000 -LEADER
fixed length control field 00394nam a22001457a 4500
005 - DATE AND TIME OF LATEST TRANSACTION
control field 20200710150738.0
008 - FIXED-LENGTH DATA ELEMENTS--GENERAL INFORMATION
fixed length control field 200710b xxu||||| |||| 00| 0 eng d
082 ## - DEWEY DECIMAL CLASSIFICATION NUMBER
Classification number 345.4005 BHA-I
100 ## - MAIN ENTRY--AUTHOR NAME
Personal name BHAL, DEBI PRASAD
245 ## - TITLE STATEMENT
Title INDIA BAR REVIEW [Vol-47(1)2020 JANUARY - MARCH]
260 ## - PUBLICATION, DISTRIBUTION, ETC. (IMPRINT)
Place of publication NEW DELHI
Name of publisher BAR COUNCIL OF INDIA
Year of publication 2020
300 ## - PHYSICAL DESCRIPTION
Number of Pages 343p.
650 ## - SUBJECT ADDED ENTRY--TOPICAL TERM
Topical Term LAW
942 ## - ADDED ENTRY ELEMENTS (KOHA)
Koha item type Journals/Serial
Holdings
Lost status Damaged status Collection code Home library Current library Shelving location Date acquired Source of acquisition Cost, normal purchase price Full call number Accession Number Koha item type
    LAW JRU Library JRU Library SHELF-33-E 22/07/2020 PURCHASE 16000.00 345.4005 BHA-I 25140 Journals/Serial
    LAW JRU Library JRU Library SHELF-33-E 22/07/2020 PURCHASE 16000.00 345.4005 BHA-I 25141 Journals/Serial
    LAW JRU Library JRU Library SHELF-33-E 22/07/2020 PURCHASE 16000.00 345.4005 BHA-I 25142 Journals/Serial
    LAW JRU Library JRU Library SHELF-33-E 22/07/2020 PURCHASE 16000.00 345.4005 BHA-I 25143 Journals/Serial
    LAW JRU Library JRU Library SHELF-33-E 22/07/2020 PURCHASE 16000.00 345.4005 BHA-I 25144 Journals/Serial
    LAW JRU Library JRU Library SHELF-33-E 22/07/2020 PURCHASE 16000.00 345.4005 BHA-I 25145 Journals/Serial
    LAW JRU Library JRU Library SHELF-33-E 22/07/2020 PURCHASE 16000.00 345.4005 BHA-I 25146 Journals/Serial
    LAW JRU Library JRU Library SHELF-33-E 22/07/2020 PURCHASE 16000.00 345.4005 BHA-I 25147 Journals/Serial
    LAW JRU Library JRU Library SHELF-33-E 22/07/2020 PURCHASE 16000.00 345.4005 BHA-I 25148 Journals/Serial
    LAW JRU Library JRU Library SHELF-33-E 22/07/2020 PURCHASE 16000.00 345.4005 BHA-I 25149 Journals/Serial